Programa de introducción a la educación ambiental para maestros e inspectores de enseñanza primaria (Registro nro. 11428)
[ vista simple ]
| 000 -LEADER | |
|---|---|
| campo de control de longitud fija | 01294nmc a2200337 a 4500 |
| 003 - IDENTIFICADOR DE NÚMERO DE CONTROL | |
| campo de control | AR-BaBNM |
| 005 - FECHA Y HORA DE LA ÚLTIMA TRANSACCIÓN | |
| campo de control | 20251128205438.0 |
| 008 - DATOS DE LONGITUD FIJA--INFORMACIÓN GENERAL | |
| campo de control de longitud fija | 217119s1995 ||||||||||||||000 | spa|| |
| 020 ## - NÚMERO INTERNACIONAL ESTÁNDAR DEL LIBRO | |
| Número Internacional Estándar del Libro | 84-8198-063-3 |
| 040 ## - FUENTE DE CATALOGACIÓN | |
| Centro/agencia transcriptor | AR-BaBNM |
| 100 1# - ENTRADA PRINCIPAL--NOMBRE DE PERSONA | |
| Nombre de persona | Glasgow, Joyce |
| 245 10 - MENCIÓN DEL TÍTULO | |
| Título | Programa de introducción a la educación ambiental para maestros e inspectores de enseñanza primaria |
| 260 ## - PUBLICACIÓN, DISTRIBUCIÓN, ETC. | |
| Lugar de publicación, distribución, etc. | Bilbao |
| Nombre del editor, distribuidor, etc. | Los Libros de la Catarata |
| -- | Unesco |
| -- | Departamento de Ordenación del Territorio, Vivienda y Medio Ambiente del Gobierno Vasco |
| Fecha de publicación, distribución, etc. | 1995 |
| 300 0# - DESCRIPCIÓN FÍSICA | |
| Extensión | 124 p. |
| Otros detalles físicos | diagr., tablas |
| 490 #0 - MENCIÓN DE SERIE | |
| Mención de serie | Educación ambiental |
| Designación de volumen o secuencia | v. 5 |
| 500 0# - NOTA GENERAL | |
| Nota general | Esta edición cuenta con el aval del Programa Internacional de Educación Ambiental Unesco-PNUMA |
| 500 1# - NOTA GENERAL | |
| Nota general | UNESCO: ORGANIZACION DE LAS NACIONES UNIDAS PARA LA EDUCACION, LA CIENCIA Y LA CULTURA |
| 500 0# - NOTA GENERAL | |
| Nota general | PNUMA: PROGRAMA DE LAS NACIONES UNIDAS PARA EL MEDIO AMBIENTE |
| 504 ## - NOTA DE BIBLIOGRAFÍA, ETC. | |
| Nota de bibliografía, etc. Nota | Bibliografía: p. 123 |
| 650 #4 - PUNTO DE ACCESO ADICIONAL DE MATERIA--TÉRMINO DE MATERIA | |
| Término de materia o nombre geográfico como elemento de entrada | EDUCACION AMBIENTAL |
| 650 #4 - PUNTO DE ACCESO ADICIONAL DE MATERIA--TÉRMINO DE MATERIA | |
| Término de materia o nombre geográfico como elemento de entrada | EVOLUCION HISTORICA |
| 650 #4 - PUNTO DE ACCESO ADICIONAL DE MATERIA--TÉRMINO DE MATERIA | |
| Término de materia o nombre geográfico como elemento de entrada | INSPECTORES DE ESCUELAS |
| 650 #4 - PUNTO DE ACCESO ADICIONAL DE MATERIA--TÉRMINO DE MATERIA | |
| Término de materia o nombre geográfico como elemento de entrada | PROGRAMAS DE FORMACION |
| 650 #4 - PUNTO DE ACCESO ADICIONAL DE MATERIA--TÉRMINO DE MATERIA | |
| Término de materia o nombre geográfico como elemento de entrada | MEDIO AMBIENTE |
| 653 #0 - TÉRMINO DE INDIZACIÓN--NO CONTROLADO | |
| Término no controlado | EDUCACION PRIMARIA |
| 653 #0 - TÉRMINO DE INDIZACIÓN--NO CONTROLADO | |
| Término no controlado | TEMAS TRANSVERSALES |
| 700 1# - ENTRADA AGREGADA--NOMBRE PERSONAL | |
| Nombre de persona | Robinson, Pansy |
| 700 1# - ENTRADA AGREGADA--NOMBRE PERSONAL | |
| Nombre de persona | Jacobson, Willard J. |
| 942 ## - ELEMENTOS DE ENTRADA SECUNDARIOS (KOHA) | |
| Tipo de ítem Koha | Libros |
| 998 ## - INFORMACIÓN DE CONTROL LOCAL (RLIN) | |
| Iniciales del catalogador, CIN (RLIN) | silvi |
| Estatus retirado | Estado de pérdida | Fuente de la clasificación o esquema de estantería | Estado de daño | No para préstamo | Biblioteca de origen | Biblioteca actual | Fecha de adquisición | Total de préstamos | Signatura topográfica completa | Código de barras | Visto por última vez | Precio de reemplazo | Tipo de ítem Koha |
|---|---|---|---|---|---|---|---|---|---|---|---|---|---|
| Clasificación Decimal Dewey | Liberty | Liberty | 28/11/2025 | 372.85 C-EA 5 | 107907 | 28/11/2025 | 28/11/2025 | Libros | |||||
| Clasificación Decimal Dewey | Liberty | Liberty | 28/11/2025 | 372.85 C-EA 5 | 107908 | 28/11/2025 | 28/11/2025 | Libros |